000 00298nam a22001337a 4500
008 170927b xxu||||| |||| 00| 0 eng d
020 _a9780618230174
041 _aeng
080 _a37
100 _a46
101 _aEDU
245 _aCOLLEGE ORAL COMMUNICATION 2
_cROEMER, A.E
942 _2udc
_cBK
999 _c30101
_d30101